Η αναδιοργάνωσις του Πανεπιστημίου Αθηνών

Αποθηκεύτηκε σε:
Λεπτομέρειες βιβλιογραφικής εγγραφής
Κύριος συγγραφέας: Carathéodory, Constantin, 1873-1950
Μορφή: Βιβλίο
Γλώσσα:Greek
Δημοσίευση: Εν Αθήναις : Εκ του Εθνικού Τυπογραφείου, 1930.
Θέματα:
Ετικέτες: Προσθήκη ετικέτας
Δεν υπάρχουν, Καταχωρήστε ετικέτα πρώτοι!

MARC

LEADER 00000cam a2200000 i 4500
001 1/8085
008 000626s1930 gr | ||| |||| ||gre||
035 |l 10062546 
040 |a GR-MyUA  |b gre  |e AACR2 
041 0 |a gre 
082 0 |a 378.1495 
100 1 |a Carathéodory, Constantin,   |d 1873-1950. 
245 1 2 |a Η αναδιοργάνωσις του Πανεπιστημίου Αθηνών /   |c υπό Κ. Καραθεοδωρή.  
260 |a Εν Αθήναις :   |b Εκ του Εθνικού Τυπογραφείου,   |c 1930.  
300 |a 39 σ. ;   |c 23 εκ.  
610 2 0 |a Εθνικό και Καποδιστριακό Πανεπιστήμιο Αθηνών. 
852 |a INST  |b SAMOS  |e 20000626  |h 378.1495 CAR  |p 005300017984  |q 005300017984  |t BK  |y 0 
901 |a BIBL3-2000-2 
909 |a Σ  |b 075031 
970 |z 2000/06/ΠΑΝΤΖΑΛΗ